000
00473nam a2200145Ia 4500
008
100122s9999 xx 000 0 und d
082
_b
12424
_a
823
100
_a
काकोडकर चंद्रकांत
245
_a
सर्कस सुंदरी
260
_b
मॅजेस्टिक बुक स्टॉल
_c
1964
300
_a
141
630
_a
सर्कस सुंदरी
730
_a
सर्कस सुंदरी
942
_c
BOOK
999
_c
403547
_d
403544